Shakespeare Plays Tragedy/Comedy/History - Statistics

General Stats
  • This quiz has been taken 224 times
  • The average score is 35 of 36
Answer Stats
Play Category % Correct
Much Ado about Nothing Comedy
99%
As You Like It Comedy
99%
The Tempest Comedy
98%
The Two Gentlemen of Verona Comedy
98%
Measure for Measure Comedy
98%
Love's Labour's Lost Comedy
98%
A Midsummer Night's Dream Comedy
98%
The Taming of the Shrew Comedy
98%
All's Well That Ends Well Comedy
98%
Twelfth Night Comedy
98%
Richard II History
98%
Henry IV, Part 2 History
98%
Henry V History
98%
Henry VI, Part 3 History
98%
Romeo and Juliet Tragedy
98%
Hamlet Tragedy
98%
Othello Tragedy
98%
Antony and Cleopatra Tragedy
98%
The Merry Wives of Windsor Comedy
97%
The Comedy of Errors Comedy
97%
The Merchant of Venice Comedy
97%
The Winter's Tale Comedy
97%
King John History
97%
Henry IV, Part 1 History
97%
Henry VI, Part 1 History
97%
Henry VI, Part 2 History
97%
Richard III History
97%
Henry VIII History
97%
Coriolanus Tragedy
97%
Timon of Athens Tragedy
97%
Julius Caesar Tragedy
97%
Macbeth Tragedy
97%
Cymbeline Tragedy
97%
Troilus and Cressida Tragedy
96%
Titus Andonicus Tragedy
96%
King Lear Tragedy
96%
No matching quizzes found
Score Distribution
Percent of People with Each Score
Percentile by Number Answered
Your Score History
You have not taken this quiz